000 00747nam a2200217Ii 4500
003 JO-AjNU
008 230605s9999||||xx |||||||||||||| ||und||
017 _a2008/24037
020 _a977-287-860-7
040 _aJO-AjNU
_bara
_erda
_cJO-AjNU
041 _aara
050 1 4 _aTE145.S52 2009
100 3 _aالشافعي، شريف فتحي ,
_eauthor
_951435
245 0 0 _aالتصميم الهندسي للطرق داخل وخارج المدن
264 3 1 _aالقاهرة :دار الكتب العلمية ، 2009
300 _a439ص
_bصور توضيحية
336 _atext
_btxt
_2rdacontent
337 _aunmediated
_bn
_2rdamedia
338 _avolume
_bnc
_2rdacarrier
650 4 _aالتصميم الهندسي -الطرق
_951436
999 _aA22718
_c26286
_d26286